[Event "15. Obert Int. Sant Martí 2013 - B"]
[Site "Barcelona ESP"]
[Date "2013.07.15"]
[Round "3.77"]
[White "Calbet Freixanet, Eduard"]
[Black "Sogues Tena, Pilar"]
[Result "1-0"]
[WhiteElo "1676"]
[BlackElo "1455"]
[PlyCount "45"]
[EventDate "2013.07.13"]
[EventType "swiss"]
[EventRounds "9"]
[EventCountry "ESP"]
[SourceTitle "Ajedrez en Madrid"]
[Source "lmi"]
[SourceDate "2013.07.13"]
[SourceVersion "1"]
[SourceVersionDate "2019.06.21"]
[SourceQuality "1"]

1. d4 Nf6 2. c4 d6 3. Nc3 g6 4. e4 Bg7 5. f3 O-O 6. Be3 c6 7. Qd2 Re8 8. Bd3
Nbd7 9. Nge2 e5 10. d5 Nh5 11. g4 Nf4 12. Nxf4 exf4 13. Bxf4 Ne5 14. Be2 a6 15.
O-O-O c5 16. h4 h5 17. gxh5 gxh5 18. Bh6 Bh8 19. Rdg1+ Kh7 20. Rg5 Kxh6 21.
Rxe5+ Kg6 22. Rg1+ Kf6 23. Qg5# 1-0

[Event "15. Obert Int. Sant Martí 2013 - B"]
[Site "Barcelona ESP"]
[Date "2013.07.15"]
[Round "3.78"]
[White "Sanchez Viana, Jordi"]
[Black "Rodriguez Monago, Juan Antonio"]
[Result "1/2-1/2"]
[WhiteElo "1626"]
[BlackElo "1445"]
[PlyCount "85"]
[EventDate "2013.07.13"]
[EventType "swiss"]
[EventRounds "9"]
[EventCountry "ESP"]
[SourceTitle "Ajedrez en Madrid"]
[Source "lmi"]
[SourceDate "2013.07.13"]
[SourceVersion "1"]
[SourceVersionDate "2019.06.21"]
[SourceQuality "1"]

1. e4 c6 2. d3 d5 3. Nd2 dxe4 4. dxe4 Nf6 5. Bc4 e6 6. Ngf3 Be7 7. O-O O-O 8.
Qe2 b5 9. Bb3 a5 10. a4 b4 11. Rd1 Qc7 12. Nf1 Na6 13. Bg5 Nc5 14. Ng3 Ba6 15.
Bc4 h6 16. Bxf6 Bxf6 17. e5 Be7 18. Bxa6 Nxa6 19. Rd2 Nc5 20. b3 Rad8 21. Rad1
Rxd2 22. Rxd2 Rd8 23. Kf1 Rd5 24. Rxd5 cxd5 25. Nd4 Bf8 26. f4 g6 27. Qb5 Kg7
28. Qc6 Qxc6 29. Nxc6 Nb7 30. Ne2 Bc5 31. c3 bxc3 32. Nxc3 Kf8 33. Nb5 Ke8 34.
Ke2 Kd7 35. Nbd4 Kc7 36. Kd3 Kb6 37. Kc3 Bxd4+ 38. Nxd4 Kc5 39. g4 Nd8 40. Nb5
Nc6 41. Nd6 Nd8 42. Nb5 Nc6 43. Nd6 1/2-1/2

[Event "15. Obert Int. Sant Martí 2013 - B"]
[Site "Barcelona ESP"]
[Date "2013.07.15"]
[Round "3.79"]
[White "Negreira Rodriguez, Daniel"]
[Black "Catala Morales, Joaquim"]
[Result "0-1"]
[WhiteElo "1600"]
[BlackElo "1413"]
[PlyCount "74"]
[EventDate "2013.07.13"]
[EventType "swiss"]
[EventRounds "9"]
[EventCountry "ESP"]
[SourceTitle "Ajedrez en Madrid"]
[Source "lmi"]
[SourceDate "2013.07.13"]
[SourceVersion "1"]
[SourceVersionDate "2019.06.21"]
[SourceQuality "1"]

1. e4 c5 2. Nf3 Nc6 3. Bc4 e6 4. Nc3 a6 5. a3 b5 6. Ba2 Bd6 7. d4 cxd4 8. Nxd4
Bb7 9. Ndxb5 Bxh2 10. Rxh2 axb5 11. Nxb5 Qa5+ 12. Nc3 Nf6 13. Bd2 Qe5 14. f4
Qd4 15. Rh1 Nxe4 16. Qe2 Ng3 17. Be3 Nxe2 18. Bxd4 Ncxd4 19. Rd1 Bxg2 20. Rh5
Nxc3 21. bxc3 Bf3 22. Rxd4 Bxh5 23. a4 Ke7 24. Bb3 d5 25. f5 Rhc8 26. Kd2 Kd6
27. Rh4 g6 28. fxg6 hxg6 29. Rb4 Ke5 30. Kd3 g5 31. c4 Bg6+ 32. Kd2 dxc4 33.
Bxc4 Rd8+ 34. Kc3 g4 35. Rb5+ Kf4 36. a5 g3 37. Bf1 Rac8+ 0-1

[Event "15. Obert Int. Sant Martí 2013 - B"]
[Site "Barcelona ESP"]
[Date "2013.07.15"]
[Round "3.80"]
[White "Kazmierczak, Ewa"]
[Black "Antequera Garcia, Luis"]
[Result "1-0"]
[WhiteElo "1574"]
[BlackElo "1310"]
[PlyCount "89"]
[EventDate "2013.07.13"]
[EventType "swiss"]
[EventRounds "9"]
[EventCountry "ESP"]
[SourceTitle "Ajedrez en Madrid"]
[Source "lmi"]
[SourceDate "2013.07.13"]
[SourceVersion "1"]
[SourceVersionDate "2019.06.21"]
[SourceQuality "1"]

1. e4 e5 2. Nf3 Nc6 3. Bb5 Bc5 4. c3 Nf6 5. O-O O-O 6. Re1 d5 7. exd5 Qxd5 8.
Bxc6 Qxc6 9. Nxe5 Qb6 10. d4 Bd6 11. Nc4 Qc6 12. Nxd6 Qxd6 13. Nd2 Bf5 14. h3
Rfe8 15. Nf3 Be4 16. Ng5 Re7 17. Nxe4 Nxe4 18. Be3 Rae8 19. Qc2 Ng3 20. Qd3 Ne4
21. Rad1 c5 22. dxc5 Qxd3 23. Rxd3 Nxc5 24. Rd2 Ne4 25. Rde2 b6 26. Kf1 Nd6 27.
Bf4 Nc8 28. Rxe7 Nxe7 29. Bd6 Kf8 30. Bxe7+ Rxe7 31. Rxe7 Kxe7 32. Ke2 Ke6 33.
Ke3 f5 34. c4 Ke5 35. f4+ Kd6 36. Kd4 h6 37. b4 g5 38. fxg5 hxg5 39. g3 a6 40.
a4 Ke6 41. a5 bxa5 42. bxa5 f4 43. gxf4 gxf4 44. Ke4 Kd6 45. h4 1-0

[Event "15. Obert Int. Sant Martí 2013 - B"]
[Site "Barcelona ESP"]
[Date "2013.07.16"]
[Round "4.1"]
[White "Esteban Lupianez, Jose Miguel"]
[Black "Espinosa Cebrian, Carlos"]
[Result "1/2-1/2"]
[WhiteElo "1788"]
[BlackElo "1861"]
[PlyCount "59"]
[EventDate "2013.07.13"]
[EventType "swiss"]
[EventRounds "9"]
[EventCountry "ESP"]
[SourceTitle "Ajedrez en Madrid"]
[Source "lmi"]
[SourceDate "2013.07.13"]
[SourceVersion "1"]
[SourceVersionDate "2019.06.21"]
[SourceQuality "1"]

1. e4 Nc6 2. Nf3 d6 3. d4 Nf6 4. d5 Nb8 5. Bd3 Nbd7 6. b4 g6 7. Bb2 Bg7 8. Nbd2
c6 9. c4 a5 10. a3 Qb6 11. Bd4 c5 12. Bc3 cxb4 13. axb4 O-O 14. bxa5 Qa7 15.
O-O Nc5 16. Bd4 Bd7 17. Nb3 Nfxe4 18. Bxe4 Bxd4 19. Nfxd4 Nxe4 20. Re1 f5 21.
f3 Nc5 22. Nb5 Bxb5 23. cxb5 Nd3+ 24. b6 Qa6 25. Rxe7 Rfe8 26. Qe2 Rxe7 27.
Qxe7 Qc4 28. Qe6+ Kg7 29. Qe7+ Kh6 30. h4 1/2-1/2

[Event "15. Obert Int. Sant Martí 2013 - B"]
[Site "Barcelona ESP"]
[Date "2013.07.16"]
[Round "4.3"]
[White "Ayza Casamitjana, Antoni"]
[Black "Walter Travella, German"]
[Result "1-0"]
[WhiteElo "1860"]
[BlackElo "1973"]
[PlyCount "81"]
[EventDate "2013.07.13"]
[EventType "swiss"]
[EventRounds "9"]
[EventCountry "ESP"]
[SourceTitle "Ajedrez en Madrid"]
[Source "lmi"]
[SourceDate "2013.07.13"]
[SourceVersion "1"]
[SourceVersionDate "2019.06.21"]
[SourceQuality "1"]

1. e4 Nc6 2. Nf3 e6 3. d4 d5 4. e5 Bd7 5. c3 a5 6. Bd3 Be7 7. O-O Na7 8. a4 c5
9. Na3 c4 10. Bc2 Bxa3 11. Rxa3 b5 12. Bd2 Qe7 13. axb5 Nxb5 14. Ra2 Bc6 15.
Qa1 Qc7 16. Rb1 Ne7 17. Ba4 O-O 18. b4 axb4 19. Rxb4 Na7 20. Bc2 Nb5 21. Rbb2
Rxa2 22. Rxa2 Nc8 23. Qd1 h6 24. g4 Kh8 25. Qf1 Ne7 26. Qh3 Ra8 27. Rxa8+ Bxa8
28. Bxh6 Kg8 29. Bd2 Ng6 30. Ng5 Qa5 31. Qh7+ Kf8 32. Bxg6 Nxd4 33. Bxf7 Nf3+
34. Nxf3 Qa1+ 35. Kg2 Kxf7 36. Ng5+ Ke8 37. Qg8+ Kd7 38. Qxe6+ Kc7 39. Qd6+ Kb7
40. Ne6 Qd1 41. Nc5+ 1-0

[Event "15. Obert Int. Sant Martí 2013 - B"]
[Site "Barcelona ESP"]
[Date "2013.07.16"]
[Round "4.4"]
[White "Poyato Ruiz, Fernando"]
[Black "Aguilera Bonaque, Juan Carlos"]
[Result "0-1"]
[WhiteElo "1849"]
[BlackElo "1957"]
[PlyCount "96"]
[EventDate "2013.07.13"]
[EventType "swiss"]
[EventRounds "9"]
[EventCountry "ESP"]
[SourceTitle "Ajedrez en Madrid"]
[Source "lmi"]
[SourceDate "2013.07.13"]
[SourceVersion "1"]
[SourceVersionDate "2019.06.21"]
[SourceQuality "1"]

1. d4 Nf6 2. c4 e6 3. Nc3 d5 4. Bg5 Be7 5. e3 b6 6. cxd5 exd5 7. Nf3 O-O 8. Bd3
Bb7 9. O-O c5 10. Rc1 c4 11. Bb1 a6 12. Qc2 Nbd7 13. Ne5 g6 14. f4 Nxe5 15.
fxe5 Nd7 16. Bh6 Bg5 17. Bxg5 Qxg5 18. Rf3 f5 19. Rcf1 Qe7 20. Qf2 b5 21. Rg3
Kh8 22. Qf4 b4 23. Ne2 Rad8 24. Qh6 Qg7 25. Qxg7+ Kxg7 26. Bxf5 Nb6 27. Bc2 a5
28. Rxf8 Rxf8 29. Nf4 Kf7 30. Rh3 Kg8 31. Rg3 Nc8 32. h4 Ne7 33. h5 Nf5 34.
Bxf5 Rxf5 35. hxg6 a4 36. gxh7+ Kxh7 37. Rf3 c3 38. bxc3 bxc3 39. Rf2 Rf8 40.
Rc2 Rc8 41. Ne2 Ba6 42. Rxc3 Bc4 43. Rc2 Rb8 44. Kf2 a3 45. Ke1 Rb2 46. Kd1
Bxa2 47. Nc3 Bb3 48. Nxd5 a2 0-1

[Event "15. Obert Int. Sant Martí 2013 - B"]
[Site "Barcelona ESP"]
[Date "2013.07.16"]
[Round "4.5"]
[White "Iglesias Garcia, Jorge"]
[Black "Garcia Punzano, Josep Lluis"]
[Result "1-0"]
[WhiteElo "1956"]
[BlackElo "1744"]
[PlyCount "105"]
[EventDate "2013.07.13"]
[EventType "swiss"]
[EventRounds "9"]
[EventCountry "ESP"]
[SourceTitle "Ajedrez en Madrid"]
[Source "lmi"]
[SourceDate "2013.07.13"]
[SourceVersion "1"]
[SourceVersionDate "2019.06.21"]
[SourceQuality "1"]

1. d4 Nf6 2. Nf3 g6 3. c4 Bg7 4. Nc3 d6 5. e4 Nbd7 6. Bd3 O-O 7. h3 c6 8. g4 e5
9. d5 cxd5 10. cxd5 Nc5 11. Bc2 Qa5 12. Qe2 a6 13. a3 Qc7 14. Be3 b5 15. Rc1
Bb7 16. O-O Rfc8 17. b4 Ncd7 18. Bd3 Qd8 19. Nd2 Ne8 20. Nb3 Rc7 21. Na5 Rac8
22. Qd2 Ba8 23. Ne2 Qh4 24. Kg2 Qe7 25. Rxc7 Rxc7 26. Rc1 Qd8 27. Rxc7 Qxc7 28.
Qc1 Qxc1 29. Bxc1 f5 30. f3 fxe4 31. fxe4 Nb8 32. Nc3 Nc7 33. Bg5 Kf7 34. Bd8
Ne8 35. a4 bxa4 36. Nxa4 Bf6 37. Bxf6 Kxf6 38. Nb6 Nc7 39. Nac4 Ke7 40. Nc8+
Kd7 41. N8xd6 Ke7 42. Nc8+ Kf6 43. N8b6 g5 44. d6 Ne6 45. Kf3 Bc6 46. Nd5+ Bxd5
47. exd5 Nf4 48. Ke4 Nxh3 49. Nxe5 Nf2+ 50. Kd4 Nxd3 51. Nxd3 Nd7 52. Nc5 Ne5
53. Ne4+ 1-0

[Event "15. Obert Int. Sant Martí 2013 - B"]
[Site "Barcelona ESP"]
[Date "2013.07.16"]
[Round "4.6"]
[White "Moreno Perez, Norberto"]
[Black "Argemi Camp, Jaume"]
[Result "1-0"]
[WhiteElo "1920"]
[BlackElo "1639"]
[PlyCount "49"]
[EventDate "2013.07.13"]
[EventType "swiss"]
[EventRounds "9"]
[EventCountry "ESP"]
[SourceTitle "Ajedrez en Madrid"]
[Source "lmi"]
[SourceDate "2013.07.13"]
[SourceVersion "1"]
[SourceVersionDate "2019.06.21"]
[SourceQuality "1"]

1. e3 e5 2. Bc4 d6 3. d4 exd4 4. exd4 g6 5. Nf3 Bg7 6. O-O f6 7. Re1+ Kf8 8.
Bb3 a5 9. a4 d5 10. c4 c6 11. Nc3 Ne7 12. cxd5 Nxd5 13. Qd3 Na6 14. Nxd5 cxd5
15. Qb5 Nb4 16. Bf4 Qd7 17. Bd6+ Kg8 18. Bxd5+ Nxd5 19. Qxd5+ Qf7 20. Re8+ Bf8
21. Rxf8+ Kg7 22. Qxf7+ Kh6 23. Bf4+ Kh5 24. Qxf6 Rxf8 25. Qg5# 1-0

[Event "15. Obert Int. Sant Martí 2013 - B"]
[Site "Barcelona ESP"]
[Date "2013.07.16"]
[Round "4.7"]
[White "Catalan Escale, Enric"]
[Black "Torras Chicon, Adria"]
[Result "1-0"]
[WhiteElo "1988"]
[BlackElo "1753"]
[PlyCount "35"]
[EventDate "2013.07.13"]
[EventType "swiss"]
[EventRounds "9"]
[EventCountry "ESP"]
[SourceTitle "Ajedrez en Madrid"]
[Source "lmi"]
[SourceDate "2013.07.13"]
[SourceVersion "1"]
[SourceVersionDate "2019.06.21"]
[SourceQuality "1"]

1. d4 Nf6 2. Nd2 d5 3. e3 e6 4. Bd3 c5 5. c3 Nc6 6. f4 cxd4 7. exd4 Be7 8. Ngf3
Bd7 9. Ne5 O-O 10. O-O Rc8 11. Rf3 b5 12. Rh3 b4 13. Bxh7+ Kh8 14. Bg6+ Kg8 15.
Bxf7+ Rxf7 16. Rh8+ Kxh8 17. Nxf7+ Kg8 18. Nxd8 1-0

[Event "15. Obert Int. Sant Martí 2013 - B"]
[Site "Barcelona ESP"]
[Date "2013.07.16"]
[Round "4.8"]
[White "Lozano Diaz, Antoni"]
[Black "Perez Garcia, Jose Miguel"]
[Result "1/2-1/2"]
[WhiteElo "1846"]
[BlackElo "1950"]
[PlyCount "45"]
[EventDate "2013.07.13"]
[EventType "swiss"]
[EventRounds "9"]
[EventCountry "ESP"]
[SourceTitle "Ajedrez en Madrid"]
[Source "lmi"]
[SourceDate "2013.07.13"]
[SourceVersion "1"]
[SourceVersionDate "2019.06.21"]
[SourceQuality "1"]

1. Nf3 c5 2. g3 Nc6 3. Bg2 g6 4. c4 Bg7 5. Nc3 e6 6. O-O Nge7 7. Ne4 d6 8. d3
O-O 9. Bf4 e5 10. Bd2 f5 11. Nc3 h6 12. a3 g5 13. b4 cxb4 14. axb4 Nxb4 15. Qb3
Nbc6 16. Rab1 Rb8 17. Nb5 Rf6 18. Be3 a6 19. Na7 Bd7 20. Bb6 Qe8 21. Nxc6 Bxc6
22. Ne1 Nc8 23. Bc7 1/2-1/2

[Event "15. Obert Int. Sant Martí 2013 - B"]
[Site "Barcelona ESP"]
[Date "2013.07.16"]
[Round "4.9"]
[White "Dominguez Carnero, Javier"]
[Black "Corominas Garrido, Antonio"]
[Result "1/2-1/2"]
[WhiteElo "1913"]
[BlackElo "1807"]
[PlyCount "80"]
[EventDate "2013.07.13"]
[EventType "swiss"]
[EventRounds "9"]
[EventCountry "ESP"]
[SourceTitle "Ajedrez en Madrid"]
[Source "lmi"]
[SourceDate "2013.07.13"]
[SourceVersion "1"]
[SourceVersionDate "2019.06.21"]
[SourceQuality "1"]

1. d4 Nf6 2. Nf3 d6 3. c3 Bf5 4. Qb3 Qc8 5. Bf4 Nbd7 6. h3 h6 7. Nbd2 c5 8. e3
e6 9. Be2 Be7 10. O-O O-O 11. Rfe1 a6 12. a4 Rb8 13. Nc4 Qc7 14. a5 Qc6 15. Qa4
Rbc8 16. Ncd2 Rfe8 17. Bf1 Bf8 18. Qxc6 Rxc6 19. g4 Bh7 20. Bg2 d5 21. Ne5 Nxe5
22. Bxe5 Nd7 23. Bh2 Nf6 24. Nf3 Be4 25. Ne5 Rcc8 26. f3 Bh7 27. h4 Red8 28. g5
hxg5 29. hxg5 Nd7 30. Kf2 cxd4 31. exd4 Bf5 32. Bf4 Nxe5 33. Bxe5 Bd6 34. Bxd6
Rxd6 35. Rh1 Rdd8 36. Ra4 Kf8 37. Rb4 Rc7 38. Ke3 Ke7 39. Ra1 Rh8 40. Kf4 Bd3
1/2-1/2

[Event "15. Obert Int. Sant Martí 2013 - B"]
[Site "Barcelona ESP"]
[Date "2013.07.16"]
[Round "4.10"]
[White "Alvarez Serrano, Carlos"]
[Black "Palomero Galvez, Antonio"]
[Result "1-0"]
[WhiteElo "1894"]
[BlackElo "1625"]
[PlyCount "79"]
[EventDate "2013.07.13"]
[EventType "swiss"]
[EventRounds "9"]
[EventCountry "ESP"]
[SourceTitle "Ajedrez en Madrid"]
[Source "lmi"]
[SourceDate "2013.07.13"]
[SourceVersion "1"]
[SourceVersionDate "2019.06.21"]
[SourceQuality "1"]

1. e4 e6 2. d4 d5 3. Nc3 Nf6 4. Bg5 dxe4 5. Nxe4 Be7 6. Bxf6 Bxf6 7. Nf3 Nd7 8.
Bd3 h6 9. Qd2 a5 10. O-O O-O 11. c4 Re8 12. a3 Be7 13. b4 c6 14. Rfd1 axb4 15.
axb4 Rxa1 16. Rxa1 f5 17. Nc5 Nxc5 18. bxc5 Bf6 19. Qe3 Qc7 20. Bxf5 Qd8 21.
Bg6 Re7 22. Ra8 Bxd4 23. Nxd4 Rd7 24. Qxe6+ Kh8 25. h3 Rc7 26. Qe8+ Qxe8 27.
Bxe8 Kh7 28. Bh5 g6 29. Bg4 Bxg4 30. hxg4 Rd7 31. Nf3 Rd1+ 32. Kh2 Rc1 33. Ne5
Re1 34. Nf7 Re4 35. Nd6 Rxg4 36. Ra7 Rf4 37. Rxb7+ Kg8 38. Kg3 Rf6 39. Rb8+ Kg7
40. Ne8+ 1-0

[Event "15. Obert Int. Sant Martí 2013 - B"]
[Site "Barcelona ESP"]
[Date "2013.07.16"]
[Round "4.11"]
[White "Garrido Prats, Diego"]
[Black "Gisbert Mir, Alejandro"]
[Result "1-0"]
[WhiteElo "1776"]
[BlackElo "1852"]
[PlyCount "41"]
[EventDate "2013.07.13"]
[EventType "swiss"]
[EventRounds "9"]
[EventCountry "ESP"]
[SourceTitle "Ajedrez en Madrid"]
[Source "lmi"]
[SourceDate "2013.07.13"]
[SourceVersion "1"]
[SourceVersionDate "2019.06.21"]
[SourceQuality "1"]

1. d4 Nf6 2. Nf3 e6 3. Bf4 c5 4. c3 b6 5. e3 Bb7 6. Nbd2 Be7 7. Bd3 d5 8. Ne5
O-O 9. Qf3 Nc6 10. Qh3 g6 11. Ndf3 Nxe5 12. dxe5 Ne4 13. Bxe4 dxe4 14. Rd1 Qc8
15. Ng5 h5 16. g4 Rd8 17. O-O Ba6 18. gxh5 Rxd1 19. Rxd1 Bxg5 20. hxg6 fxg6 21.
Bxg5 1-0

[Event "15. Obert Int. Sant Martí 2013 - B"]
[Site "Barcelona ESP"]
[Date "2013.07.16"]
[Round "4.13"]
[White "Albert Estebanez, Carles"]
[Black "Serra Vilaro, Agustin"]
[Result "1-0"]
[WhiteElo "1734"]
[BlackElo "1849"]
[PlyCount "67"]
[EventDate "2013.07.13"]
[EventType "swiss"]
[EventRounds "9"]
[EventCountry "ESP"]
[SourceTitle "Ajedrez en Madrid"]
[Source "lmi"]
[SourceDate "2013.07.13"]
[SourceVersion "1"]
[SourceVersionDate "2019.06.21"]
[SourceQuality "1"]

1. e4 d5 2. exd5 Qxd5 3. Nc3 Qd6 4. d4 Nf6 5. Nf3 Bg4 6. Be2 c6 7. Be3 e6 8.
Qd2 Bxf3 9. Bxf3 Nbd7 10. O-O Nb6 11. Bf4 Qb4 12. b3 Bd6 13. Ne4 Nxe4 14. Bxe4
Qxd2 15. Bxd2 O-O 16. c4 Be7 17. Be3 Bf6 18. Rad1 Rfd8 19. a4 Nd7 20. d5 exd5
21. cxd5 Ne5 22. dxc6 Nxc6 23. Rxd8+ Nxd8 24. Rd1 a6 25. Rd7 Rc8 26. g3 b5 27.
axb5 axb5 28. Bd5 b4 29. Bc4 Rb8 30. Bf4 Rb7 31. Bxf7+ Kh8 32. Rxb7 Nxb7 33.
Bd5 g5 34. Bd2 1-0

[Event "15. Obert Int. Sant Martí 2013 - B"]
[Site "Barcelona ESP"]
[Date "2013.07.16"]
[Round "4.14"]
[White "Cano Sevila, Ivan"]
[Black "Berstad, Joerund"]
[Result "0-1"]
[WhiteElo "1672"]
[BlackElo "1849"]
[PlyCount "114"]
[EventDate "2013.07.13"]
[EventType "swiss"]
[EventRounds "9"]
[EventCountry "ESP"]
[SourceTitle "Ajedrez en Madrid"]
[Source "lmi"]
[SourceDate "2013.07.13"]
[SourceVersion "1"]
[SourceVersionDate "2019.06.21"]
[SourceQuality "1"]

1. d4 Nf6 2. Bf4 g6 3. Nf3 Bg7 4. h3 O-O 5. e3 d6 6. Be2 Nbd7 7. c3 Re8 8. O-O
Ne4 9. Nbd2 Nxd2 10. Qxd2 e5 11. dxe5 dxe5 12. Bg3 Qe7 13. Qc2 Nc5 14. e4 Bd7
15. Bc4 Kh8 16. b4 Na4 17. Bb3 Nb6 18. a4 a5 19. b5 Be6 20. Qa2 f6 21. Rfd1
Bxb3 22. Qxb3 Rad8 23. Nd2 Nd7 24. Nc4 b6 25. Ne3 Nc5 26. Qc2 Qf7 27. Nd5 f5
28. f3 Rd7 29. Bf2 Bf8 30. Bxc5 Bxc5+ 31. Kh1 f4 32. c4 g5 33. Qe2 h5 34. Nc3
Bd4 35. Rac1 Rg8 36. Nd5 Bc5 37. Nc3 g4 38. Rxd7 Qxd7 39. Rd1 Qg7 40. fxg4 hxg4
41. Qxg4 Qxg4 42. hxg4 Rxg4 43. Rd3 Be3 44. g3 Rxg3 45. Nd5 Rg1+ 46. Kh2 Ra1
47. Nxe3 fxe3 48. Rxe3 Rxa4 49. Rc3 Rb4 50. Kg3 Kg7 51. Kg4 Kf6 52. Rf3+ Ke6
53. Rc3 a4 54. Rc2 a3 55. Ra2 Rxc4 56. Rxa3 Rxe4+ 57. Kf3 Rb4 0-1

[Event "15. Obert Int. Sant Martí 2013 - B"]
[Site "Barcelona ESP"]
[Date "2013.07.16"]
[Round "4.15"]
[White "Santiago Llanes, Jose Juan"]
[Black "Blesa Fernandez, Francisco"]
[Result "0-1"]
[WhiteElo "1741"]
[BlackElo "1951"]
[PlyCount "74"]
[EventDate "2013.07.13"]
[EventType "swiss"]
[EventRounds "9"]
[EventCountry "ESP"]
[SourceTitle "Ajedrez en Madrid"]
[Source "lmi"]
[SourceDate "2013.07.13"]
[SourceVersion "1"]
[SourceVersionDate "2019.06.21"]
[SourceQuality "1"]

1. d4 d5 2. Bf4 c5 3. e3 Qb6 4. Nc3 Nf6 5. Na4 Qa5+ 6. c3 b6 7. Qc2 Bd7 8. b3
Nc6 9. a3 Rc8 10. Nf3 Ne4 11. Bd3 c4 12. bxc4 Nxd4 13. Nxd4 Bxa4 14. Qb2 Nxc3
15. Qb4 Qxb4 16. axb4 dxc4 17. Bc2 Bxc2 18. Nxc2 Nb5 19. O-O e6 20. Rfd1 Rd8
21. Be5 Rxd1+ 22. Rxd1 f6 23. Bb8 Be7 24. Ra1 Kd7 25. Bxa7 Ra8 26. Bxb6 Rxa1+
27. Nxa1 Kc6 28. Ba5 Na3 29. Kf1 Kb5 30. Ke1 Bxb4+ 31. Bxb4 Kxb4 32. Kd1 Kc3
33. Kc1 e5 34. h3 e4 35. f3 f5 36. fxe4 fxe4 37. h4 h5 0-1

[Event "15. Obert Int. Sant Martí 2013 - B"]
[Site "Barcelona ESP"]
[Date "2013.07.16"]
[Round "4.16"]
[White "Masferrer Niubo, Enric"]
[Black "Benet Saniger, Xavier"]
[Result "1-0"]
[WhiteElo "1961"]
[BlackElo "1797"]
[PlyCount "87"]
[EventDate "2013.07.13"]
[EventType "swiss"]
[EventRounds "9"]
[EventCountry "ESP"]
[SourceTitle "Ajedrez en Madrid"]
[Source "lmi"]
[SourceDate "2013.07.13"]
[SourceVersion "1"]
[SourceVersionDate "2019.06.21"]
[SourceQuality "1"]

1. e4 c6 2. d4 d5 3. exd5 cxd5 4. Bd3 Nf6 5. h3 e6 6. Nf3 Be7 7. O-O O-O 8. Re1
Nc6 9. c3 a6 10. Ne5 Bd7 11. f4 b5 12. Qe2 Re8 13. g4 g6 14. Nd2 Kg7 15. Ndf3
Ng8 16. g5 Bd6 17. Qg2 Nge7 18. Bd2 Nf5 19. Ng4 Be7 20. Nfe5 Nxe5 21. Nxe5 Bd6
22. Ng4 Be7 23. Bxf5 gxf5 24. Ne5 Rg8 25. Qe2 Be8 26. Kf2 Qb6 27. Rg1 b4 28. h4
Bd6 29. Qh5 Bxe5 30. fxe5 bxc3 31. Qh6+ Kh8 32. Qf6+ Rg7 33. Bxc3 Qd8 34. h5
Qxf6 35. gxf6 Rxg1 36. Rxg1 Bb5 37. Bd2 Rg8 38. Rc1 Ra8 39. Rc7 Kg8 40. b3 Bd3
41. Rc3 Bb5 42. a4 Be8 43. Rc7 Rb8 44. Ra7 1-0

[Event "15. Obert Int. Sant Martí 2013 - B"]
[Site "Barcelona ESP"]
[Date "2013.07.16"]
[Round "4.17"]
[White "Fuentes Barrientos, Carlos"]
[Black "Saiz Rodrigo, Josep Fernando"]
[Result "0-1"]
[WhiteElo "1792"]
[BlackElo "1950"]
[PlyCount "78"]
[EventDate "2013.07.13"]
[EventType "swiss"]
[EventRounds "9"]
[EventCountry "ESP"]
[SourceTitle "Ajedrez en Madrid"]
[Source "lmi"]
[SourceDate "2013.07.13"]
[SourceVersion "1"]
[SourceVersionDate "2019.06.21"]
[SourceQuality "1"]

1. e4 c5 2. Nf3 d6 3. d4 cxd4 4. Nxd4 Nf6 5. Nc3 a6 6. Be2 e5 7. Nb3 Be7 8. O-O
O-O 9. Be3 Be6 10. f4 Qc7 11. f5 Bc4 12. Bxc4 Qxc4 13. Nd2 Qc6 14. g4 h6 15. h4
d5 16. exd5 Nxd5 17. Nxd5 Qxd5 18. g5 Bc5 19. Bxc5 Qxc5+ 20. Rf2 Rd8 21. Qe2
Nc6 22. Ne4 Qb6 23. c3 Ne7 24. f6 Ng6 25. gxh6 Nf4 26. Qg4 g6 27. h5 Nxh5 28.
Kh2 Qe3 29. Rh1 Nf4 30. h7+ Kh8 31. Qh4 Qxe4 32. Qh6 Nh5 33. Qg5 Rd3 34. Rg1
Nf4 35. Rg3 Rad8 36. Qh6 Nh5 37. Rg5 Qh4+ 38. Kg1 Rd1+ 39. Kg2 Qh1# 0-1

[Event "15. Obert Int. Sant Martí 2013 - B"]
[Site "Barcelona ESP"]
[Date "2013.07.16"]
[Round "4.18"]
[White "Aprea, Daniele"]
[Black "Llopis Jordan, Lluis"]
[Result "1-0"]
[WhiteElo "1945"]
[BlackElo "1786"]
[PlyCount "49"]
[EventDate "2013.07.13"]
[EventType "swiss"]
[EventRounds "9"]
[EventCountry "ESP"]
[SourceTitle "Ajedrez en Madrid"]
[Source "lmi"]
[SourceDate "2013.07.13"]
[SourceVersion "1"]
[SourceVersionDate "2019.06.21"]
[SourceQuality "1"]

1. e4 c6 2. d4 d5 3. exd5 cxd5 4. Bd3 Nc6 5. c3 Nf6 6. Bf4 e6 7. Nf3 Bd6 8.
Bxd6 Qxd6 9. O-O O-O 10. Re1 Bd7 11. Nbd2 Rac8 12. Ne5 g6 13. g4 Ne8 14. g5 Ng7
15. Qg4 f6 16. gxf6 Rxf6 17. Ndf3 Rcf8 18. Ng5 Qe7 19. Nxh7 Nxe5 20. Nxf6+ Qxf6
21. dxe5 Qxf2+ 22. Kh1 Bc6 23. Rf1 Qe3 24. Qd4 Qd2 25. Bxg6 1-0

[Event "15. Obert Int. Sant Martí 2013 - B"]
[Site "Barcelona ESP"]
[Date "2013.07.16"]
[Round "4.19"]
[White "Molano Lafuente, Ismael"]
[Black "Monteagudo Aguilera, Maximo"]
[Result "1/2-1/2"]
[WhiteElo "1943"]
[BlackElo "1779"]
[PlyCount "73"]
[EventDate "2013.07.13"]
[EventType "swiss"]
[EventRounds "9"]
[EventCountry "ESP"]
[SourceTitle "Ajedrez en Madrid"]
[Source "lmi"]
[SourceDate "2013.07.13"]
[SourceVersion "1"]
[SourceVersionDate "2019.06.21"]
[SourceQuality "1"]

1. f4 d5 2. Nf3 Nf6 3. e3 Bf5 4. Bd3 Bxd3 5. cxd3 g6 6. Qb3 b6 7. Ne5 Bg7 8.
O-O O-O 9. Nc3 c5 10. d4 cxd4 11. exd4 e6 12. d3 a6 13. Bd2 Nfd7 14. Rac1 Nxe5
15. dxe5 b5 16. d4 Nc6 17. Ne2 Rc8 18. Bb4 Nxb4 19. Qxb4 Re8 20. Rxc8 Qxc8 21.
Rc1 Qb7 22. Qc5 Bf8 23. Qc7 Rb8 24. Qxb7 Rxb7 25. Rc8 Kg7 26. Nc1 a5 27. Nd3 a4
28. Kf2 b4 29. Nc5 Bxc5 30. Rxc5 Kf8 31. Ke3 Ke7 32. Kd3 a3 33. b3 Kd7 34. g4
h6 35. h4 Ke7 36. Rc8 h5 37. g5 1/2-1/2